| 000 | 00503nam a2200181 4500 | ||
|---|---|---|---|
| 001 | 122529 | ||
| 003 | ES-MaACL | ||
| 005 | 20250927063037.0 | ||
| 007 | t| | ||
| 008 | 070214s1966 sp r ||||1| spa d | ||
| 100 | 1 |
_aPuerto, Carlos, _d1942- _9149397 |
|
| 245 | 1 | 0 |
_aAlgo de tierra mojada / _cCarlos Puerto. |
| 250 | _a1ยช. ed. | ||
| 260 |
_aBarcelona : _bLuis de Caralt, _c1966. |
||
| 300 |
_a183 p. : _bil. ; _c21 cm. |
||
| 852 |
_aES-MaACL _jC-30379 _bR.60431 |
||
| 999 |
_c122529 _d122529 |
||